MARC

LEADER 00000nam0a2200000 4500
001 293440
005 20231102000607.0
020 |a RU  |b 84-15821 
035 |a (RuTPU)RU\TPU\book\318468 
090 |a 293440 
100 |a 20150430d1984 m y0rusy5003 ca 
101 0 |a rus 
102 |a RU 
105 |a a z 000zy 
200 1 |a Люди и кибернетика  |f Н. Моисеев 
210 |a Москва  |c Молодая гвардия  |d 1984 
215 |a 224 с.  |c ил. 
225 1 |a Эврика 
606 1 |a Кибернетика  |2 stltpush  |3 (RuTPU)RU\TPU\subj\39446  |9 59539 
610 1 |a технические системы 
610 1 |a теория организации 
610 1 |a управление 
610 1 |a опыт 
610 1 |a программные методы 
610 1 |a глобальные пояса 
675 |a 681.5  |z rus  |v 3 
700 1 |a Моисеев  |b Н. Н.  |g Никита Николаевич  |4 070 
801 0 |a RU  |b RuMRKP  |c 19950704  |g psbo 
801 1 |a RU  |b 63413507  |c 20150430 
801 2 |a RU  |b 63413507  |c 20190211  |g RCR 
942 |c BK